Delicious 2025 / directed by Nele Mueller-Stöfen ; written by Nele Mueller-Stöfe ; produced by Janine Jackowski, Jonas Dornbach, Maren Ade (Record no. 20880)

000 -LEADER
fixed length control field 01187nam a22002297a 4500
008 - FIXED-LENGTH DATA ELEMENTS--GENERAL INFORMATION
fixed length control field 250528b xxu||||| |||| 00| 0 eng d
028 ## - PUBLISHER NUMBER
Source Cagayan State University
082 ## - DEWEY DECIMAL CLASSIFICATION NUMBER
Classification number 791.4372
Item number D353 2025
245 ## - TITLE STATEMENT
Title Delicious 2025 / directed by Nele Mueller-Stöfen ; written by Nele Mueller-Stöfe ; produced by Janine Jackowski, Jonas Dornbach, Maren Ade
260 ## - PUBLICATION, DISTRIBUTION, ETC. (IMPRINT)
Place of publication, distribution, etc Germany :
Name of publisher, distributor, etc Netflix,
Date of publication, distribution, etc 2025.
300 ## - PHYSICAL DESCRIPTION
Extent 1 videofile (ca. 102 mins.)
Other physical details sound, color.
520 ## - SUMMARY, ETC.
Summary, etc A German family's idyllic summer at their French villa in Provence unravels after they accidentally hit a young woman on a country road and take her in. Initially appearing helpful, each family member soon reveals their own hidden motives, seeking something different from the woman. This mistake leads to unforeseen consequences that ultimately transform the entire family's lives.
650 ## - SUBJECT ADDED ENTRY--TOPICAL TERM
Topical term or geographic name as entry element Drama.
658 ## - INDEX TERM--CURRICULUM OBJECTIVE
Main curriculum objective Psychological Thriller.
700 ## - ADDED ENTRY--PERSONAL NAME
Personal name Pachner, Valerie, star.
700 ## - ADDED ENTRY--PERSONAL NAME
Personal name Yardim, Fahri, star.
700 ## - ADDED ENTRY--PERSONAL NAME
Personal name Díaz, Carla, star.
700 ## - ADDED ENTRY--PERSONAL NAME
Personal name Schuberth, Naila, star.
700 ## - ADDED ENTRY--PERSONAL NAME
Personal name Griebe, Frank, cinematographer.
700 ## - ADDED ENTRY--PERSONAL NAME
Personal name Wodraschke, Andreas, editor.
942 ## - ADDED ENTRY ELEMENTS (KOHA)
Source of classification or shelving scheme
Item type Audio-Visual Materials
Holdings
Source of acquisition Price effective from Permanent location Date last seen Not for loan Date acquired Source of classification or shelving scheme Koha item type Collection code Shelving location Damaged status Lost status Withdrawn status Current location Full call number
Donation 2025-05-28Cagayan State University - Carig Library2025-05-28 2025-05-28 Audio-Visual MaterialsElectronic Media CenterElectronic Media Center   Cagayan State University - Carig Library791.4372 D353 2025

Cagayan State University University Library, Carig Campus
Tuguegarao City, Cagayan 3500 | www.csucarig.edu.ph

Powered by Koha